| 000 | 00352nam a22001337a 4500 | ||
|---|---|---|---|
| 020 | _a9780070994096 | ||
| 040 | _cNUST | ||
| 082 | _a671.52 LIT | ||
| 100 |
_aLittle, Richard L. _944979 |
||
| 245 | _aWelding and Welding Technology | ||
| 260 |
_aNew Dehli: _bMcGraw-Hill, _c2015. |
||
| 650 |
_aWelding and Welding Technology _9113012 |
||
| 942 |
_2ddc _cBK |
||
| 999 |
_c594921 _d594921 |
||